| 000 | 00595nam a22002057a 4500 | ||
|---|---|---|---|
| 003 | SISC | ||
| 005 | 20160401142017.0 | ||
| 008 | 130813t xxu||||| |||| 00| 0 eng d | ||
| 020 | _a9789814227148 | ||
| 050 |
_aLB 1028.5 _b.T758l1 2007 |
||
| 082 |
_aHS 004 _bT67-1 2007 |
||
| 100 |
_aTrabel, Diana M. _99879 |
||
| 245 |
_aLearning with computers 1 / _cDiana M.Trabel, Jack P. Hoggatt. |
||
| 260 |
_aSingapore : _bSouth-Western, Thomson Learning, _c2007. |
||
| 300 |
_a168 p. ; _bill. ; _c26 cm. |
||
| 650 | _aComputers | ||
| 700 |
_aHoggatt, Jack P. _99880 |
||
| 942 |
_2lcc _cBK |
||
| 999 |
_c8480 _d8480 |
||